French - Difficult GCSE words Pt2 - Statistics

General Stats
  • This quiz has been taken 520 times
  • The average score is 11 of 30
Answer Stats
French English % Correct
Vache Cow
77%
Huile Oil
66%
Grenouille Frog
65%
Ours Bear
62%
Voisin Neighbour
58%
Soif Thirst
56%
Espoir Hope
55%
Pierre Stone
49%
Cauchemar Nightmare
48%
Poids Weight
47%
Sous-titré Subtitles
44%
Milieu Middle
41%
Bijouterie Jeweller's
38%
Embouteillage Traffic Jam
38%
Mensuel Monthly
34%
Fusil Gun
32%
Preuves Proof
30%
Ivre Drunk
29%
Réseau Network
28%
Hebdomadaire Weekly
28%
Chameau Camel
27%
Carrefour Crossroads
27%
Acier Steel
24%
Couramment Fluently
23%
Vœu Wish
20%
Sondage Survey
18%
Colis Parcel
16%
Noces Wedding
16%
Quinzaine Fortnight
11%
Arrhes Deposit
5%
No matching quizzes found
Score Distribution
Percent of People with Each Score
Percentile by Number Answered
Your Score History
You have not taken this quiz